000 00922nam a2200301 i 4500
001 000005691
003 DO-SdBNP
005 20250113103636.0
007 ta
008 090821t2008 dr 000 f spa d
020 _a9789993456360
040 _aDO-SdBNP
_bspa
_cBNPHU
_erda
082 4 _aPR863.44
_bC115tr
_222
100 1 _aCabiya, Pedro,
_d1971-
_eautor
_4aut.
_916077
245 1 0 _aTrance /
_cPedro Cabiya ; dirección editorial, Bismar Galán
264 4 _aSanto Domingo :
_bEditora Norma,
_c2008.
300 _a132 páginas ;
_c22 cm.
336 _atexto
_btxt
_2rdadcontent
337 _asin mediación
_bn
_2rdamedia
338 _avolumen
_bnc
_2rdacarrier
490 1 _aZona libre
590 _aInventariado, 2020/YL
650 4 _aNovela puertorriqueña
_91185
650 4 _aLiteratura puertorriqueña
_9250
700 1 _aGalán, Bismar,
_edirector
_4dir.
_916077
910 _aBtavárez
942 _2ddc
_cLBS1
999 _c58033
_d58033